[Event "HUN-chT 1213"]
[Site "Hungary"]
[Date "2013.04.21"]
[Round "9"]
[White "Csom, Istvan"]
[Black "Horvath, David G"]
[Result "0-1"]
[WhiteElo "2419"]
[BlackElo "2386"]
[PlyCount "70"]
[EventDate "2012.09.16"]
[EventType "team-tourn"]
[EventRounds "9"]
[EventCountry "HUN"]
[SourceTitle "EXT 2014"]
[Source "ChessBase"]
[SourceDate "2013.11.20"]
[SourceVersion "1"]
[SourceVersionDate "2013.11.20"]
[SourceQuality "1"]
[WhiteTeam "Paks"]
[BlackTeam "MLTC"]
[WhiteTeamCountry "HUN"]
[BlackTeamCountry "HUN"]

1. c4 c5 2. b3 Nf6 3. Bb2 g6 4. g3 Bg7 5. Bg2 0-0 6. Nc3 Nc6 7. Nf3 d5 8. cxd5 Nxd5 9. Qc1 b6 10. Nxd5 Qxd5 11. Bxg7 Kxg7 12. Nh4 Qe6 13. Qc4 Qf6 14. 0-0 Rd8 15. Rfd1 Rxd2 16. Qf4 Rd6 17. b4 Ba6 18. Qxf6+ Rxf6 19. bxc5 bxc5 20. Rac1 Rc8 21. Rxc5 Nd4 22. Rxc8 Nxe2+ 23. Kh1 Bxc8 24. Bf3 g5 25. Kg2 Ba6 26. Bxe2 Bxe2 27. Rd2 Ba6 28. Rd7 gxh4 29. Rxe7 h3+ 30. Kxh3 Bc8+ 31. g4 Ra6 32. Rc7 Be6 33. f4 h5 34. f5 hxg4+ 35. Kxg4 Ra4+ 0-1

[Event "HUN-chT 1112"]
[Site "Hungary"]
[Date "2011.11.13"]
[Round "3"]
[White "Feher, Adam"]
[Black "Csom, Istvan"]
[Result "1/2-1/2"]
[WhiteElo "2342"]
[BlackElo "2426"]
[PlyCount "45"]
[EventDate "2011.09.25"]
[EventType "team-tourn"]
[EventRounds "11"]
[EventCountry "HUN"]
[SourceTitle "EXT 2012"]
[Source "ChessBase"]
[SourceDate "2011.11.24"]
[SourceVersion "1"]
[SourceVersionDate "2011.11.24"]
[SourceQuality "1"]
[WhiteTeam "Honved"]
[BlackTeam "Paks"]
[WhiteTeamCountry "HUN"]
[BlackTeamCountry "HUN"]

1. e4 d5 2. exd5 Qxd5 3. Nc3 Qd6 4. d4 c6 5. Nf3 g6 6. Be3 Nf6 7. Qd2 Nbd7 8. Be2 Nb6 9. Bf4 Qd8 10. 0-0 Bg7 11. Rfe1 0-0 12. h3 Bf5 13. Bf1 Re8 14. Rad1 Nbd5 15. Be5 Nxc3 16. Qxc3 Qb6 17. b3 Bh6 18. g4 Nd5 19. Qb2 Bd7 20. c4 Nb4 21. a3 Na6 22. b4 Qd8 23. Bg2 1/2-1/2

[Event "HUN-chT 1011"]
[Site "Hungary"]
[Date "2011.04.17"]
[Round "9"]
[White "Turzo, Attila"]
[Black "Csom, Istvan"]
[Result "1/2-1/2"]
[WhiteElo "2331"]
[BlackElo "2439"]
[PlyCount "63"]
[EventDate "2010.10.10"]
[EventType "team-tourn"]
[EventRounds "11"]
[EventCountry "HUN"]
[SourceTitle "EXT 2012"]
[Source "ChessBase"]
[SourceDate "2011.11.24"]
[SourceVersion "1"]
[SourceVersionDate "2011.11.24"]
[SourceQuality "1"]
[WhiteTeam "Honved"]
[BlackTeam "Paks"]
[WhiteTeamCountry "HUN"]
[BlackTeamCountry "HUN"]

1. d4 Nf6 2. c4 c5 3. d5 e5 4. Nc3 d6 5. e4 Be7 6. Be2 0-0 7. Nf3 Nbd7 8. 0-0 Ne8 9. a3 g6 10. Ne1 Ng7 11. Nd3 f5 12. f4 Bf6 13. exf5 gxf5 14. Be3 e4 15. Nf2 Bxc3 16. bxc3 Nf6 17. h3 h5 18. g3 Bd7 19. a4 Rc8 20. Qd2 Rc7 21. h4 Ng4 22. Nh3 Ne8 23. Bxg4 hxg4 24. Ng5 Ng7 25. a5 Rf6 26. Rfd1 Bc8 27. Bf2 Qe8 28. Re1 Qd8 29. Red1 Re7 30. Be3 Rc7 31. Bf2 Qe8 32. Re1 1/2-1/2

[Event "HUN-chT 1011"]
[Site "Hungary"]
[Date "2011.01.30"]
[Round "5"]
[White "Amstadt, Aron"]
[Black "Csom, Istvan"]
[Result "0-1"]
[WhiteElo "2262"]
[BlackElo "2439"]
[PlyCount "68"]
[EventDate "2010.10.10"]
[EventType "team-tourn"]
[EventRounds "11"]
[EventCountry "HUN"]
[SourceTitle "EXT 2012"]
[Source "ChessBase"]
[SourceDate "2011.11.24"]
[SourceVersion "1"]
[SourceVersionDate "2011.11.24"]
[SourceQuality "1"]
[WhiteTeam "Decs"]
[BlackTeam "Paks"]
[WhiteTeamCountry "HUN"]
[BlackTeamCountry "HUN"]

1. d4 Nf6 2. c4 e6 3. Nc3 d5 4. cxd5 exd5 5. Bg5 c6 6. e3 Nbd7 7. Bd3 Bd6 8. Nge2 Nf8 9. Bh4 Ng6 10. Bg3 Be7 11. f3 a5 12. Qc2 b5 13. Bf2 Ba6 14. h4 Nd7 15. h5 Ngf8 16. e4 b4 17. Na4 Bxd3 18. Qxd3 Ne6 19. Rc1 0-0 20. Rxc6 dxe4 21. Qxe4 Nf6 22. Qc2 Nd5 23. 0-0 Bg5 24. Qb3 Re8 25. Rc2 Nef4 26. Ng3 Bh4 27. Ne4 Bxf2+ 28. Rfxf2 f5 29. Nac5 Kh8 30. h6 gxh6 31. Nb7 Qb6 32. Nbd6 fxe4 33. Nxe8 e3 34. Rf1 Rxe8 0-1

[Event "HUN-chT 0910"]
[Site "Hungary"]
[Date "2010.01.31"]
[Round "5"]
[White "Seres, Lajos"]
[Black "Csom, Istvan"]
[Result "1/2-1/2"]
[WhiteElo "2445"]
[BlackElo "2437"]
[PlyCount "70"]
[EventDate "2009.11.08"]
[EventType "team-tourn"]
[EventRounds "11"]
[EventCountry "HUN"]
[SourceTitle "EXT 2011"]
[Source "ChessBase"]
[SourceDate "2010.11.26"]
[SourceVersion "1"]
[SourceVersionDate "2010.11.26"]
[SourceQuality "1"]
[WhiteTeam "Penzugyor"]
[BlackTeam "Paks"]
[WhiteTeamCountry "HUN"]
[BlackTeamCountry "HUN"]

1. d4 Nf6 2. Nf3 e6 3. c4 b6 4. g3 Bb7 5. Bg2 Be7 6. 0-0 0-0 7. Nc3 Ne4 8. Qc2 Nxc3 9. Qxc3 Be4 10. Bf4 f5 11. Rad1 Bf6 12. Ne5 Bxg2 13. Kxg2 a5 14. Qf3 Ra7 15. h4 Qe8 16. c5 bxc5 17. dxc5 Bxe5 18. Bxe5 Nc6 19. Bc3 Rf7 20. Rd2 Nb4 21. a3 Nd5 22. Bd4 Ra6 23. e4 fxe4 24. Qxe4 Qa8 25. Kg1 Qc6 26. Rfd1 Ra8 27. Rd3 Raf8 28. R1d2 Rf5 29. Qg4 R8f7 30. Qe4 h5 31. Re2 Qb5 32. Rc2 Qa4 33. Qe2 c6 34. f4 Qb5 35. Be5 Qa6 1/2-1/2

[Event "HUN-chT 0809"]
[Site "Hungary"]
[Date "2009.02.21"]
[Round "9"]
[White "Csom, Istvan"]
[Black "Nemeth, Zoltan"]
[Result "1/2-1/2"]
[WhiteElo "2447"]
[BlackElo "2325"]
[PlyCount "32"]
[EventDate "2008.10.26"]
[EventType "team-tourn"]
[EventRounds "11"]
[EventCountry "HUN"]
[SourceTitle "EXT 2010"]
[Source "ChessBase"]
[SourceDate "2010.11.25"]
[SourceVersion "1"]
[SourceVersionDate "2010.11.25"]
[SourceQuality "1"]
[WhiteTeam "Paks"]
[BlackTeam "Taban Spartacus"]
[WhiteTeamCountry "HUN"]
[BlackTeamCountry "HUN"]

1. g3 c5 2. Bg2 Nc6 3. Nf3 e5 4. d3 g6 5. Bg5 f6 6. Bd2 Bg7 7. a3 d6 8. c4 Be6 9. Nc3 Qd7 10. Rb1 Nge7 11. b4 Rc8 12. h4 b6 13. h5 0-0 14. Qa4 Bg4 15. h6 Bh8 16. Rh4 Be6 1/2-1/2

[Event "HUN-chT 0809"]
[Site "Hungary"]
[Date "2009.01.25"]
[Round "6"]
[White "Gonda, Laszlo"]
[Black "Csom, Istvan"]
[Result "1/2-1/2"]
[WhiteElo "2507"]
[BlackElo "2447"]
[PlyCount "49"]
[EventDate "2008.10.26"]
[EventType "team-tourn"]
[EventRounds "11"]
[EventCountry "HUN"]
[SourceTitle "EXT 2010"]
[Source "ChessBase"]
[SourceDate "2010.11.25"]
[SourceVersion "1"]
[SourceVersionDate "2010.11.25"]
[SourceQuality "1"]
[WhiteTeam "Aquaprofit"]
[BlackTeam "Paks"]
[WhiteTeamCountry "HUN"]
[BlackTeamCountry "HUN"]

1. d4 c5 2. d5 e5 3. e4 d6 4. c4 Be7 5. Nf3 Bg4 6. Nc3 a6 7. Be2 Bxf3 8. Bxf3 Nd7 9. Bg4 Rb8 10. a4 Ngf6 11. Be2 0-0 12. 0-0 Ne8 13. g3 Bg5 14. f4 exf4 15. gxf4 Bf6 16. Kh1 g6 17. Ra3 Ng7 18. e5 dxe5 19. Ne4 exf4 20. Bxf4 Bxb2 21. Rh3 Bd4 22. Qd2 f5 23. Ng5 Nf6 24. Bxb8 Qxb8 25. Nf3 1/2-1/2

[Event "HUN-chT 0708"]
[Site "Hungary"]
[Date "2008.04.27"]
[Round "10"]
[White "Csom, Istvan"]
[Black "Karacsony, Attila"]
[Result "1/2-1/2"]
[WhiteElo "2455"]
[BlackElo "2309"]
[PlyCount "123"]
[EventDate "2007.10.14"]
[EventType "team"]
[EventRounds "11"]
[EventCountry "HUN"]
[SourceTitle "EXT 2009"]
[Source "ChessBase"]
[SourceDate "2008.11.26"]
[SourceVersion "1"]
[SourceVersionDate "2008.11.26"]
[SourceQuality "1"]
[WhiteTeam "Paks"]
[BlackTeam "Vasas"]
[WhiteTeamCountry "HUN"]
[BlackTeamCountry "HUN"]

1. c4 f5 2. Nf3 Nf6 3. g3 g6 4. b3 Bg7 5. Bb2 0-0 6. Bg2 d6 7. d4 Qe8 8. d5 e5 9. dxe6 Qxe6 10. 0-0 Nc6 11. Nc3 h6 12. Nd5 Qf7 13. Nd4 Nxd4 14. Bxd4 Kh7 15. Rc1 a6 16. Qd3 Rb8 17. Rfd1 Be6 18. Nf4 Rfe8 19. Qc2 b6 20. Nxe6 Qxe6 21. Bc6 Re7 22. Bxf6 Qxf6 23. e3 Rf8 24. h4 h5 25. Kg2 Bh6 26. Bf3 Rfe8 27. Rd3 a5 28. a3 Rf8 29. b4 Re5 30. Rcd1 Bg7 31. Rd5 Rfe8 32. Qd2 axb4 33. axb4 Rxd5 34. Bxd5 Qc3 35. Qxc3 Bxc3 36. Rb1 Kg7 37. Rb3 Bf6 38. Ra3 Bd8 39. Ra8 Kf6 40. Rc8 Rf8 41. f4 Ke7 42. Bc6 Rf6 43. b5 Rf8 44. Kf3 Kf6 45. e4 fxe4+ 46. Bxe4 Rg8 47. Ke3 Ke7 48. Bc6 d5 49. Bxd5 Rf8 50. Kf3 Kf6 51. Be4 Kg7 52. Ke3 Kf6 53. Bc6 Be7 54. Rxc7 Bc5+ 55. Kf3 Rf7 56. Bd7 Bd6 57. Rb7 Bc5 58. Ra7 Bd6 59. Rb7 Bc5 60. g4 hxg4+ 61. Kxg4 Kg7 62. Bc6 1/2-1/2

[Event "HUN-chT 0708"]
[Site "Hungary"]
[Date "2008.03.16"]
[Round "8"]
[White "Rachela, Milan"]
[Black "Csom, Istvan"]
[Result "1/2-1/2"]
[WhiteElo "2312"]
[BlackElo "2455"]
[PlyCount "81"]
[EventDate "2007.10.14"]
[EventType "team"]
[EventRounds "11"]
[EventCountry "HUN"]
[SourceTitle "EXT 2009"]
[Source "ChessBase"]
[SourceDate "2008.11.26"]
[SourceVersion "1"]
[SourceVersionDate "2008.11.26"]
[SourceQuality "1"]
[WhiteTeam "Haladas"]
[BlackTeam "Paks"]
[WhiteTeamCountry "HUN"]
[BlackTeamCountry "HUN"]

1. Nf3 Nf6 2. c4 b6 3. g3 Bb7 4. Bg2 c5 5. 0-0 d6 6. Nc3 Nbd7 7. Re1 g6 8. e4 e5 9. d3 Bg7 10. a3 0-0 11. b4 Kh8 12. Rb1 Bc6 13. Bd2 Ng8 14. Nd5 Ndf6 15. Qb3 Qd7 16. bxc5 bxc5 17. Qc3 Nxd5 18. cxd5 Bb5 19. Rb2 Bf6 20. Reb1 Ba6 21. Be3 Bd8 22. Nd2 Bc7 23. Nc4 Qa4 24. Bf3 Rfb8 25. Bd1 Qe8 26. Bb3 Rb7 27. Nd2 Rab8 28. Bc4 Rxb2 29. Rxb2 Rxb2 30. Qxb2 Bc8 31. Bb5 Qd8 32. Qb3 Kg7 33. Qa4 Bb6 34. Nc4 Bh3 35. Qd1 Bc7 36. Ba4 h5 37. Qc1 Qf6 38. Bd1 Qd8 39. Qb2 Qc8 40. Bg5 Qa6 41. f4 1/2-1/2

[Event "HUN-chT 0708"]
[Site "Hungary"]
[Date "2007.11.11"]
[Round "2"]
[White "Csom, Istvan"]
[Black "Hajnal, Zoltan"]
[Result "1/2-1/2"]
[WhiteElo "2455"]
[BlackElo "2381"]
[PlyCount "22"]
[EventDate "2007.10.14"]
[EventType "team"]
[EventRounds "11"]
[EventCountry "HUN"]
[SourceTitle "EXT 2009"]
[Source "ChessBase"]
[SourceDate "2008.11.26"]
[SourceVersion "1"]
[SourceVersionDate "2008.11.26"]
[SourceQuality "1"]
[WhiteTeam "Paks"]
[BlackTeam "Kazincbarcika"]
[WhiteTeamCountry "HUN"]
[BlackTeamCountry "HUN"]

1. g3 d5 2. Nf3 Nf6 3. Bg2 c6 4. d3 h6 5. Nbd2 Bf5 6. Nh4 Bh7 7. e4 e6 8. Qe2 Be7 9. 0-0 0-0 10. f4 Re8 11. Kh1 c5 1/2-1/2

[Event "HUN-chT 0607"]
[Site "Hungary"]
[Date "2007.02.18"]
[Round "5"]
[White "Csom, Istvan"]
[Black "Varadi, Viktor"]
[Result "1/2-1/2"]
[WhiteElo "2451"]
[BlackElo "2399"]
[PlyCount "56"]
[EventDate "2006.11.12"]
[EventType "team"]
[EventRounds "11"]
[EventCountry "HUN"]
[SourceTitle "EXT 2008"]
[Source "ChessBase"]
[SourceDate "2007.11.25"]
[SourceVersion "1"]
[SourceVersionDate "2007.11.25"]
[SourceQuality "1"]
[WhiteTeam "Paks"]
[BlackTeam "Haladas"]
[WhiteTeamCountry "HUN"]
[BlackTeamCountry "HUN"]

1. Nf3 c5 2. b3 Nf6 3. Bb2 e6 4. c4 b6 5. g3 Bb7 6. Bg2 Be7 7. 0-0 0-0 8. Nc3 d5 9. cxd5 Nxd5 10. Nxd5 Bxd5 11. Qb1 Nd7 12. Rd1 Qc7 13. d4 cxd4 14. Bxd4 Qb7 15. Qb2 Bf6 16. Ne1 Bxg2 17. Nxg2 Rac8 18. Ne3 Bxd4 19. Rxd4 Nf6 20. Rad1 h6 21. Ng4 Qe7 22. Nxf6+ Qxf6 23. Qd2 Rc7 24. Qd3 Rfc8 25. Rd2 g6 26. Qe4 Kg7 27. Kg2 h5 28. h4 Rc5 1/2-1/2

[Event "HUN-chT 0607"]
[Site "Hungary"]
[Date "2006.12.17"]
[Round "4"]
[White "Csom, Istvan"]
[Black "Tatar Kis, Szabolcs"]
[Result "1-0"]
[WhiteElo "2451"]
[BlackElo "2380"]
[PlyCount "93"]
[EventDate "2006.11.12"]
[EventType "team"]
[EventRounds "11"]
[EventCountry "HUN"]
[SourceTitle "EXT 2008"]
[Source "ChessBase"]
[SourceDate "2007.11.25"]
[SourceVersion "1"]
[SourceVersionDate "2007.11.25"]
[SourceQuality "1"]
[WhiteTeam "Paks"]
[BlackTeam "Mako"]
[WhiteTeamCountry "HUN"]
[BlackTeamCountry "HUN"]

1. Nf3 Nf6 2. c4 g6 3. d4 Bg7 4. g3 0-0 5. Bg2 d6 6. Nc3 Nbd7 7. 0-0 e5 8. b3 c6 9. e4 Qb6 10. Bb2 Re8 11. Qc2 exd4 12. Na4 Qa6 13. Nxd4 b5 14. cxb5 cxb5 15. Nc3 Bb7 16. Ndxb5 Rac8 17. Qd2 Nxe4 18. Nxe4 Bxb2 19. Nbxd6 Bxe4 20. Bxe4 Bxa1 21. Bb7 Ne5 22. Qd5 Qxf1+ 23. Kxf1 Rcd8 24. Nxe8 Rxd5 25. Bxd5 Kf8 26. Nd6 Bd4 27. h3 Nd3 28. Nxf7 Nb4 29. Bc4 Nxa2 30. Ng5 Ke7 31. Nxh7 Nc3 32. Ng5 a5 33. Nf3 Bf6 34. Bd3 Kf7 35. Bc2 g5 36. Nd2 Ke6 37. Kg2 Ne2 38. Bd3 Nd4 39. Bc4+ Kd7 40. Ne4 Be7 41. Bd5 Ne6 42. Bxe6+ Kxe6 43. Kf3 Ke5 44. Ke3 Kd5 45. f4 gxf4+ 46. Kxf4 Kd4 47. g4 1-0

[Event "HUN-chT 0607"]
[Site "Hungary"]
[Date "2006.11.12"]
[Round "1"]
[White "Anka, Emil"]
[Black "Csom, Istvan"]
[Result "1/2-1/2"]
[WhiteElo "2432"]
[BlackElo "2451"]
[PlyCount "24"]
[EventDate "2006.11.12"]
[EventType "team"]
[EventRounds "11"]
[EventCountry "HUN"]
[SourceTitle "EXT 2008"]
[Source "ChessBase"]
[SourceDate "2007.11.25"]
[SourceVersion "1"]
[SourceVersionDate "2007.11.25"]
[SourceQuality "1"]
[WhiteTeam "Statisztika"]
[BlackTeam "Paks"]
[WhiteTeamCountry "HUN"]
[BlackTeamCountry "HUN"]

1. d4 Nf6 2. c4 e6 3. Nf3 b6 4. a3 Bb7 5. Nc3 Ne4 6. Nxe4 Bxe4 7. Nd2 Bb7 8. e4 Qf6 9. d5 Qg6 10. g3 a5 11. Bg2 Na6 12. b3 h5 1/2-1/2

[Event "HUN-chT 0506"]
[Site "Hungary"]
[Date "2006.02.12"]
[Round "7"]
[White "Csom, Istvan"]
[Black "Izsak, Gyula"]
[Result "1/2-1/2"]
[WhiteElo "2463"]
[BlackElo "2431"]
[PlyCount "92"]
[EventDate "2005.10.16"]
[EventType "team"]
[EventRounds "11"]
[EventCountry "HUN"]
[SourceTitle "EXT 2007"]
[Source "ChessBase"]
[SourceDate "2006.11.23"]
[SourceVersion "1"]
[SourceVersionDate "2006.11.23"]
[SourceQuality "1"]

1. Nf3 Nf6 2. g3 b6 3. Bg2 Bb7 4. 0-0 c5 5. c4 e6 6. Nc3 Be7 7. d4 cxd4 8. Qxd4 d6 9. Rd1 a6 10. Ng5 Bxg2 11. Kxg2 Nc6 12. Qf4 Qc7 13. Nce4 Rd8 14. b3 h6 15. Nf3 Nxe4 16. Qxe4 Bf6 17. Rb1 0-0 18. Bb2 Bxb2 19. Rxb2 Ne7 20. Rbd2 d5 21. cxd5 Nxd5 22. Rc2 Qb7 23. Rdc1 Rc8 24. a3 a5 25. Rc4 b5 26. Rc5 Rxc5 27. Rxc5 Rc8 28. Qc2 Rc7 29. Rxc7 Nxc7 30. Kf1 Qb6 31. Ne5 Qd6 32. Nd3 Nd5 33. Qc8+ Qf8 34. Qc6 Qxa3 35. Qxb5 g6 36. Kg2 Nc3 37. Qb8+ Qf8 38. Qe5 Qa8+ 39. Kg1 Nd5 40. Qd4 Qb7 41. e4 Nb6 42. Ne5 h5 43. h4 Qc7 44. Kg2 Qb7 45. Kg1 Qc7 46. Kh2 Kf8 1/2-1/2

[Event "HUN-chT 0405"]
[Site "Hungary"]
[Date "2005.04.10"]
[Round "10"]
[White "Csom, Istvan"]
[Black "Vujosevic, Vladimir"]
[Result "1/2-1/2"]
[WhiteElo "2454"]
[BlackElo "2374"]
[PlyCount "154"]
[EventDate "2004.09.26"]
[EventType "team-tourn"]
[EventRounds "11"]
[EventCountry "HUN"]
[SourceTitle "EXT 2011"]
[Source "ChessBase"]
[SourceDate "2010.11.26"]
[SourceVersion "1"]
[SourceVersionDate "2010.11.26"]
[SourceQuality "1"]
[WhiteTeam "Paks"]
[BlackTeam "PMSE"]
[WhiteTeamCountry "HUN"]
[BlackTeamCountry "HUN"]

1. c4 e6 2. Nf3 Nf6 3. b3 d5 4. Bb2 Be7 5. g3 0-0 6. Bg2 c5 7. 0-0 Nc6 8. e3 b6 9. Nc3 Bb7 10. cxd5 Nxd5 11. Nxd5 Qxd5 12. d4 Rad8 13. Ne5 Qd6 14. dxc5 Qxc5 15. Qe2 Nxe5 16. Bxb7 Nd3 17. Bd4 Qc7 18. Bg2 e5 19. Qxd3 exd4 20. exd4 Bc5 21. Rac1 Qd7 22. d5 Rfe8 23. Bf3 g6 24. Kg2 Qd6 25. Rfe1 Rxe1 26. Rxe1 Qd7 27. Qa6 Re8 28. Rd1 Qe7 29. Qb5 Rd8 30. Rd2 Qd7 31. Qd3 a5 32. Rc2 Re8 33. Rc4 Qe7 34. Rc1 Qe5 35. Qc2 Re7 36. Rd1 Qd6 37. h4 h5 38. Qb2 Ba3 39. Qd4 Bc5 40. Qd3 Re5 41. Qb5 Kg7 42. Qc4 Qf6 43. Qc3 Re7 44. Qc2 Qd6 45. Qd3 Re5 46. a4 Re7 47. Qc3+ Qf6 48. Qd3 Qd6 49. Kf1 Qf6 50. Kg2 Qd6 51. Rd2 Qf6 52. Rc2 Qd6 53. Rc4 Rc7 54. Rf4 Qe5 55. Re4 Qb2 56. Re2 Qf6 57. Rc2 Qd6 58. Qc3+ Qf6 59. Qxf6+ Kxf6 60. Be2 Ke5 61. Bc4 Kd6 62. Re2 Re7 63. Rxe7 Kxe7 64. Bb5 Bb4 65. Kf3 Be1 66. Ke3 Kd6 67. Be8 Ke7 68. Bc6 Kd6 69. Ke2 Bc3 70. f3 Ke7 71. Kf2 Bb4 72. Bb5 Bc5+ 73. Kg2 Be3 74. Bc4 Kd6 75. Kh3 Bd2 76. Bd3 Kxd5 77. Bc4+ Ke5 1/2-1/2

[Event "HUN-chT 0405"]
[Site "Hungary"]
[Date "2005.03.06"]
[Round "9"]
[White "Gyimesi, Zoltan"]
[Black "Csom, Istvan"]
[Result "1-0"]
[WhiteElo "2618"]
[BlackElo "2454"]
[PlyCount "103"]
[EventDate "2004.09.26"]
[EventType "team-tourn"]
[EventRounds "11"]
[EventCountry "HUN"]
[SourceTitle "EXT 2011"]
[Source "ChessBase"]
[SourceDate "2010.11.26"]
[SourceVersion "1"]
[SourceVersionDate "2010.11.26"]
[SourceQuality "1"]
[WhiteTeam "Csuti Hydro"]
[BlackTeam "Paks"]
[WhiteTeamCountry "HUN"]
[BlackTeamCountry "HUN"]

1. d4 g6 2. e4 c6 3. c4 d5 4. cxd5 cxd5 5. e5 Nc6 6. Nc3 Bg7 7. h3 f6 8. f4 Nh6 9. g4 f5 10. g5 Nf7 11. Bg2 e6 12. Nge2 Bf8 13. a3 Na5 14. h4 b6 15. Kf2 Bb7 16. h5 Qd7 17. Qd3 Rc8 18. Bd2 Nc4 19. b3 Nxd2 20. Qxd2 Rg8 21. Bf3 Ba6 22. Nd1 Nd8 23. Ne3 Rg7 24. Nc3 Bb7 25. b4 Kf7 26. h6 Rg8 27. Rhc1 Be7 28. Rc2 Rf8 29. Rac1 Kg8 30. Ncxd5 exd5 31. Rxc8 Bxc8 32. Bxd5+ Kh8 33. Qc3 Bxg5 34. Qxc8 Qxc8 35. Rxc8 Bxf4 36. e6 Nxe6 37. Bxe6 Rxc8 38. Bxc8 Bxh6 39. d5 Bf4 40. Kf3 Bh2 41. Nc2 Kg7 42. Nd4 a5 43. Nb5 axb4 44. axb4 Kf6 45. d6 Be5 46. Ke3 Kf7 47. Kd3 h5 48. Kc4 h4 49. Kd5 Bf6 50. Be6+ Kf8 51. Nd4 h3 52. Nf3 1-0

[Event "HUN-chT 0405"]
[Site "Hungary"]
[Date "2005.02.06"]
[Round "7"]
[White "Csom, Istvan"]
[Black "Horvath, Peter"]
[Result "1/2-1/2"]
[WhiteElo "2454"]
[BlackElo "2503"]
[PlyCount "46"]
[EventDate "2004.09.26"]
[EventType "team-tourn"]
[EventRounds "11"]
[EventCountry "HUN"]
[SourceTitle "EXT 2011"]
[Source "ChessBase"]
[SourceDate "2010.11.26"]
[SourceVersion "1"]
[SourceVersionDate "2010.11.26"]
[SourceQuality "1"]
[WhiteTeam "Paks"]
[BlackTeam "Nagykanizsa"]
[WhiteTeamCountry "HUN"]
[BlackTeamCountry "HUN"]

1. c4 e6 2. Nf3 d5 3. b3 Nf6 4. Bb2 Be7 5. cxd5 exd5 6. e3 0-0 7. Be2 c6 8. 0-0 Bf5 9. d3 h6 10. Nbd2 Nbd7 11. a3 a5 12. Re1 Re8 13. Bc3 Qb6 14. Qc2 Bg6 15. Bf1 Bf8 16. Qb2 Qa6 17. e4 dxe4 18. dxe4 Qa7 19. Bd4 Bc5 20. Bxc5 Nxc5 21. e5 Nd5 22. Nc4 Nf4 23. Re3 Nd5 1/2-1/2

[Event "HUN-chT 0405"]
[Site "Hungary"]
[Date "2004.12.05"]
[Round "4"]
[White "Varga, Peter"]
[Black "Csom, Istvan"]
[Result "1/2-1/2"]
[WhiteElo "2428"]
[BlackElo "2454"]
[PlyCount "28"]
[EventDate "2004.09.26"]
[EventType "team-tourn"]
[EventRounds "11"]
[EventCountry "HUN"]
[SourceTitle "EXT 2011"]
[Source "ChessBase"]
[SourceDate "2010.11.26"]
[SourceVersion "1"]
[SourceVersionDate "2010.11.26"]
[SourceQuality "1"]
[WhiteTeam "Piremon"]
[BlackTeam "Paks"]
[WhiteTeamCountry "HUN"]
[BlackTeamCountry "HUN"]

1. d4 Nf6 2. c4 e6 3. Nc3 Bb4 4. Qc2 c5 5. dxc5 Qc7 6. a3 Bxc5 7. Nf3 a6 8. Bg5 Be7 9. e4 d6 10. Be2 Nbd7 11. h3 b6 12. 0-0 Bb7 13. Rfe1 h6 14. Bf4 g5 1/2-1/2

[Event "Budapest FS11 IM"]
[Site "Budapest"]
[Date "2004.11.06"]
[Round "1"]
[White "Csom, Istvan"]
[Black "Farago, Sandor"]
[Result "1/2-1/2"]
[WhiteElo "2283"]
[BlackElo "2305"]
[PlyCount "39"]
[EventDate "2004.11.06"]
[EventType "tourn"]
[EventRounds "11"]
[EventCountry "HUN"]
[EventCategory "1"]
[SourceTitle "EXT 2005"]
[Source "ChessBase"]
[SourceDate "2004.11.15"]
[SourceVersion "1"]
[SourceVersionDate "2004.11.15"]
[SourceQuality "1"]

1. e4 e5 2. Nf3 Nc6 3. Bb5 a6 4. Ba4 Nf6 5. 0-0 b5 6. Bb3 Be7 7. Re1 0-0 8. c3 d6 9. h3 Na5 10. Bc2 c5 11. d4 Qc7 12. Nbd2 cxd4 13. cxd4 Nc6 14. Nb3 Nb4 15. Bb1 a5 16. Be3 a4 17. Nbd2 Bd7 18. a3 Nc6 19. d5 Na5 20. Bd3 1/2-1/2